000 00146 a2200085 4500
041 _aspa
100 _aMary Elting
245 _aDinosaurs
942 _cBK
999 _c9526
_d9526